[Event "IECG CP-2005-P-00090"]
[Site "IECG email"]
[Date "2005.10.01"]
[Round "?"]
[White "Reyes, Damian"]
[Black "Dmitrenko, Nikolay"]
[Result "1-0"]
[WhiteElo "1500"]
[BlackElo "2248"]
[PlyCount "25"]
[EventDate "2005.??.??"]
[EventType "tourn (corr)"]
[EventRounds "6"]
[SourceTitle "Corr 2024"]
[Source "ChessBase"]
[SourceDate "2023.10.19"]
[SourceVersion "1"]
[SourceVersionDate "2023.10.19"]
[SourceQuality "1"]

1. e4 c5 2. Nf3 Nc6 3. d4 cxd4 4. Nxd4 Nf6 5. Nc3 d6 6. Bg5 e6 7. Qd2 a6 8. 0-0-0 h6 9. Be3 Be7 10. f4 Nxd4 11. Bxd4 b5 12. Kb1 Bb7 13. Bd3 1-0